| 000 | 00636nam a22002297a 4500 | ||
|---|---|---|---|
| 003 | OSt | ||
| 005 | 20160413173320.0 | ||
| 008 | 160413b xxu||||| |||| 00| 0 eng d | ||
| 020 | _a9780071352314 | ||
| 020 | _a0071352317 | ||
| 040 | _cDDC | ||
| 082 | _a384.5 SNY 2001 | ||
| 100 |
_aSnyder, Randall A; Gallagher, Michael D. _97837 |
||
| 245 | _aWireless Mobile Networking with ANS1-41 | ||
| 250 | _a2nd ed. | ||
| 260 | _aNew York; McGraw-Hill, 2001 | ||
| 300 | _axxviii,573p; ill: 26cm | ||
| 504 | _aBibliography, & index included | ||
| 650 |
_aWireless communication _97838 |
||
| 650 |
_aNetworking _9615 |
||
| 942 |
_2z _cO_SHELF |
||
| 999 |
_c3510 _d3510 |
||